Seaside effects (Record no. 81599)

MARC details
000 -LEADER
fixed length control field 00934cab a22001935a 4500
001 - CONTROL NUMBER
control field L147654
008 - FIXED-LENGTH DATA ELEMENTS--GENERAL INFORMATION
fixed length control field 090603e20090529xxkd f 000 0 eng d
035 ## - SYSTEM CONTROL NUMBER
System control number (Sirsi) u147654
041 0# - LANGUAGE CODE
Language code of text/sound track or separate title eng
100 1# - MAIN ENTRY--PERSONAL NAME
Personal name Neale, Jon
245 00 - TITLE STATEMENT
Title Seaside effects
260 ## - PUBLICATION, DISTRIBUTION, ETC.
Date of publication, distribution, etc. 2009
490 #0 - SERIES STATEMENT
Series statement Property Week
Volume/sequential designation 75(22) 29 May 2009, 34(1)
520 ## - SUMMARY, ETC.
Summary, etc. Highlights the fall in residential land values as well as house prices in South West England, a diverse region covering prosperous cities such as Bristol as well as deprived locations such as Plymouth and Gloucester. The region's land market remains in stasis. Vendor interest is beginning to increase and the biggest buyer groups are housing associations. Commercial developer interest is stronger at the bottom end of the land market. Charts.
590 ## - LOCAL NOTE (RLIN)
Local note KA
651 #4 - SUBJECT ADDED ENTRY--GEOGRAPHIC NAME
Geographic name South West (England)
Chronological subdivision 1994-
690 ## - LOCAL SUBJECT ADDED ENTRY--TOPICAL TERM (OCLC, RLIN)
Topical term or geographic name as entry element PROPERTY-RESIDENTIAL PROPERTY-RESIDENTIAL PROPERTY MARKET
942 ## - ADDED ENTRY ELEMENTS (KOHA)
Suppress in OPAC 0
Holdings
Withdrawn status Lost status Source of classification or shelving scheme Damaged status Not for loan Home library Current library Shelving location Date acquired Total Checkouts Full call number Barcode Date last seen Copy number Price effective from Koha item type
    Dewey Decimal Classification     London London Journal article 03/06/2009   L147654 147654-1001 06/08/2019 1 06/08/2019 Journal article